Tuyển chọn các bài đọc tiếng Anh về lịch sử thế giới : Truyện kể 5 châu /
Gardado en:
| Autor Principal: | |
|---|---|
| Formato: | Sách giấy |
| Idioma: | Vietnamese |
| Publicado: |
H. :
Thanh niên,
2005
|
| Series: | Truyện kể 5 châu
|
| Những chủ đề: | |
| Các nhãn: |
Engadir etiqueta
Sen Etiquetas, Sexa o primeiro en etiquetar este rexistro!
|
| Thư viện lưu trữ: | Thư viện Trường Đại học Đà Lạt |
|---|
| LEADER | 00847nam a2200325 4500 | ||
|---|---|---|---|
| 001 | DLU060055486 | ||
| 005 | ##20061006 | ||
| 040 | # | # | |a DLU |b vie |
| 041 | # | # | |a vie |
| 044 | # | # | |a vn |
| 082 | # | # | |a 428.6 |b HO-P |
| 100 | # | # | |a Hoàng Phương |
| 245 | # | # | |a Tuyển chọn các bài đọc tiếng Anh về lịch sử thế giới : |b Truyện kể 5 châu / |c Hoàng Phương |
| 260 | # | # | |a H. : |b Thanh niên, |c 2005 |
| 300 | # | # | |a 277 tr. ; |c 21 cm |
| 490 | # | # | |a Truyện kể 5 châu |
| 546 | # | # | |a Song ngữ Anh - Việt |
| 653 | # | # | |a Kỹ năng đọc |
| 653 | # | # | |a Lịch sử thế giới |
| 653 | # | # | |a Tiếng Anh |
| 923 | # | # | |a 21/2006 |
| 992 | # | # | |a 30.000 |
| 994 | # | # | |a DLU |
| 900 | # | # | |a True |
| 911 | # | # | |a Đào Thị Thu Huyền |
| 925 | # | # | |a G |
| 926 | # | # | |a A |
| 927 | # | # | |a SH |
| 980 | # | # | |a Thư viện Trường Đại học Đà Lạt |